Jurisprudencia en algunos juicios de The Lautaro Nitrate Co. Ltd.

Salvato in:
Dettagli Bibliografici
Autori principali: Coddone, Roberto S. (Autore), Peralta Flores, Mariano (Autore)
Ente Autore: The Lautaro Nitrate Company Limited (Autore)
Natura: Libro
Lingua:spagnolo
Pubblicazione: Santiago Sociedad Imprenta y Litografía Universo 1925
Edizione:1a. ed
Soggetti:
Tags: Aggiungi Tag
Nessun Tag, puoi essere il primo ad aggiungerne!!

MARC

LEADER 00000cam a2200000 a 4500
001 UCJ6028
003 CL-VaPUC
008 070124e19250000CL |||||||||||||||||spa|d
082 0 4 |a 918.3  |b COD  |2 21 
100 0 |a Coddone, Roberto S.  |e author  |9 512200 
700 0 |a Peralta Flores, Mariano  |e author  |9 512201 
110 2 |a The Lautaro Nitrate Company Limited  |e author  |9 512202 
245 1 0 |a Jurisprudencia en algunos juicios de The Lautaro Nitrate Co. Ltd. 
250 |a 1a. ed 
300 |a 335 p 
942 |c BK 
945 |d 20070124 00:00:00  |a rinostro 
260 |a Santiago  |b Sociedad Imprenta y Litografía Universo  |c 1925 
650 0 |a Industria salitrera  |9 440309 
650 0 |a Propiedad   |9 255268 
650 0 |a Juicios civiles  |9 506779 
650 0 |a Jurisprudencia  |9 255952 
651 7 |a TALTAL  |2 CL-VaPUC  |9 506713 
651 0 |a La Serena  |9 313924 
583 |a last modification  |c 20120120 07:24:48  |k Rodrigo Vera 
999 |c 322136  |d 322134 
952 |0 0  |1 0  |4 0  |6 918_300000000000000_COD_1925  |7 0  |8 X  |9 401058  |a FDOBUD  |b FDOBUD  |d 2019-11-22  |i 1042823  |o 918.3 COD 1925  |p 1042823  |r 2019-11-22  |w 2019-11-22  |y BK_X  |k BUD 
952 |0 0  |1 0  |4 0  |6 918_300000000000000_COD_1925  |7 0  |8 X  |9 401059  |a FDOBUD  |b FDOBUD  |d 2019-11-22  |i 2109697  |o 918.3 COD 1925  |p 2109697  |r 2019-11-22  |w 2019-11-22  |y BK_X  |k BUD